000 01001cam a22002414a 4500
999 _c60469
_d60469
001 14783355
005 20240426124733.0
008 070322s2008 enka b 001 0 eng
020 _a9780071476911X
041 _aeng
080 _a616.4 H-30
245 0 0 _aHarrison's principles of internal medicine :
_bVolume 2 /
_cEditors, Anthony S. Fauci ... [et al.].
250 _a17th ed.
264 _aNew York :
_bMcGraw-Hill Medical,
_c2008.
300 _a2754 :
_bill. ;
_c28 cm.
653 _aშინაგანი დაავადებები
653 _aმედიცინა
700 1 _aFauci, Anthony S.,
_dრედაქტორი
_919530
856 4 1 _3Table of contents only
_uhttp://www.loc.gov/catdir/toc/ecip0714/2007012181.html
856 4 2 _3Contributor biographical information
_uhttp://www.loc.gov/catdir/enhancements/fy0745/2007012181-b.html
856 4 2 _3Publisher description
_uhttp://www.loc.gov/catdir/enhancements/fy0745/2007012181-d.html
942 _2udc
_cBK